000 00334nam a2200145Ia 4500
100 _aMuvdi/B.B/ McNabb/J.W
942 _cRB
654 _aMechanics Of Materials
245 _aEngg.Mechanics Of Materials
260 _bMac Millian
_aNew York
_c1984
082 _a620.1
_bMuv/Mcn
300 _a693
546 _aENGLISH
999 _c33722
_d33722